UBT Library

GENETICS NOTES (Record no. 40195)

000 -LEADER
fixed length control field 00288nam a22001337a 4500
008 - FIXED-LENGTH DATA ELEMENTS--GENERAL INFORMATION
fixed length control field 180112b xxu||||| |||| 00| 0 eng d
020 ## - INTERNATIONAL STANDARD BOOK NUMBER
International Standard Book Number 9780023258800
041 ## - LANGUAGE CODE
Language code of text/sound track or separate title eng
080 ## - UNIVERSAL DECIMAL CLASSIFICATION NUMBER
Universal Decimal Classification number 616.8-008
100 ## - Rafti
Rafti 6
101 ## - Shkurtesa
Shkurtesa SHM
245 ## - TITLE STATEMENT
Title GENETICS NOTES
Statement of responsibility, etc CROW.J.F
942 ## - ADDED ENTRY ELEMENTS (KOHA)
Source of classification or shelving scheme
Item type Books
Holdings
Withdrawn status Lost status Source of classification or shelving scheme Damaged status Not for loan Collection code Permanent location Current location Shelving location Date acquired Total Checkouts Full call number Barcode Date last seen Price effective from Koha item type
          Koleksioni i përgjithshem UBT - Lipjan UBT - Lipjan Koleksioni i përgjithshem 01/12/2018   616.8-006 CRO 002-2994922 01/12/2018 01/12/2018 Books
UBT Library © 2015-2024. All rights reserved University Education for Business and Technology